Rukověť znalce v oblasti oceňování majetku

Salvato in:
Dettagli Bibliografici
Autore principale: Dufek, Zdeněk
Natura: Libro
Lingua:ceco
Pubblicazione: Plzeň Vydavatelství a nakladatelství Aleš Čeněk 2023
Soggetti:
Tags: Aggiungi Tag
Nessun Tag, puoi essere il primo ad aggiungerne!!

MARC

LEADER 00000nam a2200000 4500
001 0310869
005 20250725103455.2
020 |a 978-80-7380-920-1 
041 0 |a cze 
044 |a CZ 
245 1 0 |a Rukověť znalce v oblasti oceňování majetku  |c Zdeněk Dufek a kolektiv 
264 1 |a Plzeň  |b Vydavatelství a nakladatelství Aleš Čeněk  |c 2023 
300 |a 318 s. 
610 2 0 |a oceňovanie 
610 2 0 |a posudky znalecké 
610 2 0 |a znalci 
610 2 0 |a znalectvo 
100 1 |a Dufek, Zdeněk